01241nam a2200313 a 4500001001200000003000800012006001900020007001500039008004100054020001800095020002700113040002100140035002100161050002500182245014600207260003100353300001900384504004100403533015200444650004600596650003200642650003000674655002900704700001700733700001700750710001700767856012600784999001700910ebr10690849CaPaEBRm u cr cn|||||||||130510s2012 sz a sb 000 0 eng d z9783034312608 z9783035104790 (e-book) aCaPaEBRcCaPaEBR a(OCoLC)84406309814aTR886.7b.F55 2012eb00aFilm translation from East to Westh[electronic resource] :bdubbing, subtitling and didactic practice /cC. Buffagni and B. Garzelli (eds.). aBern :bPeter Lang,c2012. a381 p. :bill. aIncludes bibliographical references. aElectronic reproduction.bPalo Alto, Calif. :cebrary,d2013.nAvailable via World Wide Web.nAccess may be limited to ebrary affiliated libraries. 0aDialogue in motion picturesxTranslating. 0aDubbing of motion pictures. 0aMotion picturesxTitling. 7aElectronic books.2local1 aBuffagni, C.1 aGarzelli, B.2 aebrary, Inc.40uhttp://site.ebrary.com/lib/rucke/Doc?id=10690849zAn electronic book accessible through the World Wide Web; click to view c26597d26597